000 01040nam a2200373 a 4500
001 vtls000013495
003 NLI
005 20210601181531.0
008 101125s1975 nyua 001 0 eng
020 _a0872011941
_c$ 24.95
039 9 _y201011250106
_zVLOAD
040 0 _aNLI
_beng
_cVERGIS-2003
041 0 _aeng
044 _anyu
082 0 4 _a627.73
100 1 _aHerbich, John B.
_951765
245 1 0 _aCoastal and deep ocean dredging/
_cJohn B. Herbich
260 _aHouston:
_bGulf Pub,
_cc1975
300 _a622 p.:
_bill.;
_c23 cm.
504 _aIncludes bibliographical reference and index
650 0 _aDredging
_951766
650 0 _aHydraulic engineering
_9603
650 0 _aExcavation
650 0 _aDreging machinery
_951767
887 _aNedunchezhian
901 _a426855
_b09/08/1976
902 _aE 627.73 H 416
903 _a02/03/2004
904 _aNedunchezhian
906 _a012408
949 _AVIRTUAITEM
_D10000
_F1
_X100
_6PUR000426855ENG
_aE 627.73 H416
942 _2ddc
_cBKS
999 _c19045
_d19045